Okeanijos sostinės - Statistics

General Stats
  • This quiz has been taken 29 times
  • The average score is 9 of 14
Answer Stats
Šalis Sostinė % Correct
Australija Kanbera
100%
Naujoji Zelandija Velingtonas
89%
Samoa Apija
78%
Tuvalu Funafutis
78%
Tonga Nukualofa
78%
Vanuatu Port Vila
78%
Fidžis Suva
78%
Papua Naujoji Gvinėja Port Morsbis
67%
Kiribatis Tarava
67%
Saliamono Salos Honiara
56%
Maršalo Salos Madžūras
56%
Mikronezijos Federacinės Valstijos Palikiras
56%
Nauru Jarenas
33%
Palau Melekeokas
33%
No matching quizzes found
Score Distribution
Percent of People with Each Score
Percentile by Number Answered
Your Score History
You have not taken this quiz